Statistics for How many countries can you identify

Click here to take the quiz!

General Stats

  • This quiz has been taken 546 times
  • The average score is 11 of 15

Answer Stats

Answer% Correct
Egypt
97%
Australia
90%
Japan
90%
India
88%
Russia
85%
Greece
83%
USA
80%
Uk
79%
Mexico
67%
Italy
66%
Peru
66%
Canada
58%
Switzerland
49%
Sudan
33%
Madagascar
30%

Score Distribution

Percentile by Number Answered

Percent of People with Each Score

Your Score History

You have not taken this quiz